<?xml version="1.0" encoding="UTF-8"?>
<record
    xmlns:xsi="http://www.w3.org/2001/XMLSchema-instance"
    xsi:schemaLocation="http://www.loc.gov/MARC21/slim http://www.loc.gov/standards/marcxml/schema/MARC21slim.xsd"
    xmlns="http://www.loc.gov/MARC21/slim">

  <leader>01513nam2a2200253   4500</leader>
  <controlfield tag="001">rc\2909014</controlfield>
  <controlfield tag="005">20260315054126.0</controlfield>
  <datafield tag="035" ind1=" " ind2=" ">
    <subfield code="a">(NLR Aleph) 007059845</subfield>
  </datafield>
  <datafield tag="090" ind1=" " ind2=" ">
    <subfield code="a">13592840</subfield>
    <subfield code="c">13592840</subfield>
  </datafield>
  <datafield tag="100" ind1=" " ind2=" ">
    <subfield code="a">20110805d1934    u  y0rusy50      ca</subfield>
  </datafield>
  <datafield tag="101" ind1="0" ind2=" ">
    <subfield code="a">rus</subfield>
  </datafield>
  <datafield tag="102" ind1=" " ind2=" ">
    <subfield code="a">RU</subfield>
  </datafield>
  <datafield tag="105" ind1=" " ind2=" ">
    <subfield code="a">y   z   |||||</subfield>
  </datafield>
  <datafield tag="200" ind1="1" ind2=" ">
    <subfield code="a">&#x422;&#x435;&#x445;&#x43F;&#x440;&#x430;&#x432;&#x438;&#x43B;&#x430; &#x43F;&#x43E; &#x43F;&#x435;&#x440;&#x435;&#x440;&#x430;&#x431;&#x43E;&#x442;&#x43A;&#x435; &#x432;&#x438;&#x43D;&#x43E;&#x433;&#x440;&#x430;&#x434;&#x430; &#x432; &#x432;&#x438;&#x43D;&#x43E; &#x434;&#x43B;&#x44F; &#x434;&#x430;&#x433;&#x435;&#x441;&#x442;&#x430;&#x43D;&#x441;&#x43A;&#x438;&#x445; &#x432;&#x438;&#x43D;&#x43A;&#x43E;&#x43B;&#x445;&#x43E;&#x437;&#x43E;&#x432; &#x438; &#x441;&#x43E;&#x432;&#x445;&#x43E;&#x437;&#x43E;&#x432;</subfield>
  </datafield>
  <datafield tag="210" ind1=" " ind2=" ">
    <subfield code="d">1934</subfield>
  </datafield>
  <datafield tag="225" ind1="1" ind2=" ">
    <subfield code="a">&#x41E;&#x442;&#x434;&#x435;&#x43B; &#x43E;&#x43F;&#x44B;&#x442;&#x43D;&#x43E;&#x433;&#x43E; &#x432;&#x438;&#x43D;&#x43E;&#x434;&#x435;&#x43B;&#x438;&#x44F;</subfield>
    <subfield code="v">&#x412;&#x44B;&#x43F;. 1</subfield>
  </datafield>
  <datafield tag="461" ind1=" " ind2="0">
    <subfield code="1">001rc\2909012</subfield>
    <subfield code="1">2001#$a&#x421;&#x435;&#x440;&#x438;&#x44F; &#x43F;&#x43E;&#x43F;&#x443;&#x43B;&#x44F;&#x440;&#x43D;&#x44B;&#x445; &#x438;&#x437;&#x434;&#x430;&#x43D;&#x438;&#x439;$f&#x41D;&#x41A;&#x417; &#x414;&#x410;&#x421;&#x421;&#x420;. &#x41D;&#x430;&#x443;&#x447;.-&#x438;&#x441;&#x441;&#x43B;&#x435;&#x434;. &#x438;&#x43D;-&#x442; &#x44D;&#x43A;&#x43E;&#x43D;&#x43E;&#x43C;&#x438;&#x43A;&#x438; &#x438; &#x43E;&#x440;&#x433;. &#x441;&#x43E;&#x446;&#x437;&#x435;&#x43C;&#x43B;&#x435;&#x434;&#x435;&#x43B;&#x438;&#x44F; &#x414;&#x430;&#x433;&#x435;&#x441;&#x442;&#x430;&#x43D;. &#x437;&#x43E;&#x43D;&#x430;&#x43B;. &#x43E;&#x43F;&#x44B;&#x442;. &#x441;&#x442;. &#x43F;&#x43E; &#x432;&#x438;&#x43D;&#x43E;&#x433;&#x440;&#x430;&#x434;&#x430;&#x440;&#x441;&#x442;&#x432;&#x443; &#x438; &#x432;&#x438;&#x43D;&#x43E;&#x434;&#x435;&#x43B;&#x438;&#x44E;$v&#x2116; 4</subfield>
    <subfield code="9">6274120</subfield>
    <subfield code="a">&#x414;&#x430;&#x433;&#x435;&#x441;&#x442;&#x430;&#x43D;&#x441;&#x43A;&#x430;&#x44F; &#x43E;&#x43F;&#x44B;&#x442;&#x43D;&#x430;&#x44F; &#x441;&#x442;&#x430;&#x43D;&#x446;&#x438;&#x44F; &#x43F;&#x43E; &#x432;&#x438;&#x43D;&#x43E;&#x433;&#x440;&#x430;&#x434;&#x430;&#x440;&#x441;&#x442;&#x432;&#x443; &#x438; &#x432;&#x438;&#x43D;&#x43E;&#x434;&#x435;&#x43B;&#x438;&#x44E; (&#x414;&#x435;&#x440;&#x431;&#x435;&#x43D;&#x442;)</subfield>
    <subfield code="c">&#x41C;&#x430;&#x445;&#x430;&#x447;-&#x41A;&#x430;&#x43B;&#x430;</subfield>
    <subfield code="d">1934</subfield>
    <subfield code="f">&#x41D;&#x41A;&#x417; &#x414;&#x410;&#x421;&#x421;&#x420;. &#x41D;&#x430;&#x443;&#x447;.-&#x438;&#x441;&#x441;&#x43B;&#x435;&#x434;. &#x438;&#x43D;-&#x442; &#x44D;&#x43A;&#x43E;&#x43D;&#x43E;&#x43C;&#x438;&#x43A;&#x438; &#x438; &#x43E;&#x440;&#x433;. &#x441;&#x43E;&#x446;&#x437;&#x435;&#x43C;&#x43B;&#x435;&#x434;&#x435;&#x43B;&#x438;&#x44F; &#x414;&#x430;&#x433;&#x435;&#x441;&#x442;&#x430;&#x43D;. &#x437;&#x43E;&#x43D;&#x430;&#x43B;. &#x43E;&#x43F;&#x44B;&#x442;. &#x441;&#x442;. &#x43F;&#x43E; &#x432;&#x438;&#x43D;&#x43E;&#x433;&#x440;&#x430;&#x434;&#x430;&#x440;&#x441;&#x442;&#x432;&#x443; &#x438; &#x432;&#x438;&#x43D;&#x43E;&#x434;&#x435;&#x43B;&#x438;&#x44E;</subfield>
    <subfield code="n">&#x414;&#x430;&#x433;&#x433;&#x438;&#x437;</subfield>
    <subfield code="t">&#x421;&#x435;&#x440;&#x438;&#x44F; &#x43F;&#x43E;&#x43F;&#x443;&#x43B;&#x44F;&#x440;&#x43D;&#x44B;&#x445; &#x438;&#x437;&#x434;&#x430;&#x43D;&#x438;&#x439;</subfield>
    <subfield code="v">&#x2116; 4</subfield>
  </datafield>
  <datafield tag="700" ind1=" " ind2="1">
    <subfield code="a">&#x41C;&#x43E;&#x433;&#x438;&#x43B;&#x44F;&#x43D;&#x441;&#x43A;&#x438;&#x439;</subfield>
    <subfield code="b">&#x41D;.&#x41A;.</subfield>
  </datafield>
  <datafield tag="701" ind1=" " ind2="1">
    <subfield code="a">&#x411;&#x435;&#x43B;&#x438;&#x43A;&#x43E;&#x432;</subfield>
    <subfield code="b">&#x418;.&#x42F;.</subfield>
  </datafield>
  <datafield tag="801" ind1=" " ind2="0">
    <subfield code="a">RU</subfield>
    <subfield code="b">NLR</subfield>
    <subfield code="g">psbo</subfield>
  </datafield>
  <datafield tag="801" ind1=" " ind2="1">
    <subfield code="a">RU</subfield>
    <subfield code="b">ELAR</subfield>
    <subfield code="2">rusmarc</subfield>
  </datafield>
  <datafield tag="852" ind1=" " ind2=" ">
    <subfield code="a">NLR</subfield>
    <subfield code="j">34-16/217</subfield>
  </datafield>
  <datafield tag="942" ind1=" " ind2=" ">
    <subfield code="c">UNSPEC</subfield>
  </datafield>
  <datafield tag="980" ind1=" " ind2=" ">
    <subfield code="a">NB</subfield>
  </datafield>
</record>
